Výrazné autority v dejinách filozofického a právneho myslenia

Analýza riešenia problémov morálneho myslenia v rámci filozofického a právneho prístupu prostredníctvom niektorých autorít v rámci tohto kontextu. Významné autority v dejinách právneho myslenia. Ide o renomované autority, ktoré majú čo povedať aj v súčasnosti, v čase morálnej krízy. Medzi uvedené a...

Descripción completa

Guardado en:
Detalles Bibliográficos
Autor principal: Chovancová, Jarmila
Formato: Capítulo de libro
Lenguaje:eslovaco
Materias:
Etiquetas: Agregar Etiqueta
Sin Etiquetas, Sea el primero en etiquetar este registro!

MARC

LEADER 00000nla a2200000 4500
001 0231337
005 20240417075121.5
041 0 |a slo 
044 |a SK 
245 1 0 |a Výrazné autority v dejinách filozofického a právneho myslenia  |c Jarmila Chovancová 
520 |a Analýza riešenia problémov morálneho myslenia v rámci filozofického a právneho prístupu prostredníctvom niektorých autorít v rámci tohto kontextu. Významné autority v dejinách právneho myslenia. Ide o renomované autority, ktoré majú čo povedať aj v súčasnosti, v čase morálnej krízy. Medzi uvedené autority v rámci historického pohľadu patria: Sokrates, Cicero, Grotius, Voltaire, Kant a v 20. storočí Dworkin a Fuller. 
610 2 0 |a osobnosť 
610 2 0 |a morálka 
610 2 0 |a dejiny filozofie 
610 2 0 |a právo 
100 1 |a Chovancová, Jarmila